000 00483nam a2200157 i 4500
001 129972
003 ES-MaACL
005 20230906193621.0
007 t|
008 070712s1940 gw ||||1| ger d
100 1 _aZotz, Lothar.
_9118372
245 1 0 _aIst Böhmen
_b: Mahren die Urheimat der Tschenchen? /
_cvon Lothar Zotz und Bolko Frhs von Richthofen.
260 _aLeipzig :
_bVerlag Bahrt,
_c1940.
300 _aV, 66 p. ;
_c21 cm.
852 _aES-MaACL
_j1831-F-12
_bR.19065
999 _c129972
_d129972